00442nam a2200193Ia 4500008004100000020001800041050001600059100001900075245002400094245002200118250001700140260001000157260001800167260000900185300001600194300002000210300001000230500000800240170918s9999 xx 000 0 und d a9780385474542 bA177th 1994 aAchebe, Chinua aThings fall apart / cby Chinua Achebe. aFirst editon aUSA : bAnchor Books, c1994 a209 pages : billustrations ; c20cm. a890